| 000 | 00496nam a2200193Ia 4500 | ||
|---|---|---|---|
| 005 | 20240823022618.0 | ||
| 008 | 240823s9999||||xx |||||||||||||| ||und|| | ||
| 020 | _a81-203-2971-6 | ||
| 041 | _aENGLISH | ||
| 082 | _A621.367 P6 | ||
| 100 | _aMadhuri A Joshi | ||
| 245 | 0 | _aDigital Image Processing : An Algotithmic Approach | |
| 250 | _a1st | ||
| 260 |
_c2006 _b"PHI,.New " _aNew Delhi |
||
| 500 | _aTRANSFERED | ||
| 650 |
_aImage Processing _bElectronics |
||
| 942 | _cBK | ||
| 999 |
_c179586 _d179586 |
||